Justicia transicional en equilibrio Comparacin̤ de procesos, sopeso de su eficacia /

Detalles Bibliográficos
Autor principal: Olsen, Tricia D.
Otros Autores: Payne, Leigh A., Reiter, Andrew G.
Formato: eBook
Lenguaje:español
Publicado: Bogot:̀ Pontificia Universidad Javeriana, 2016
Materias:
Acceso en línea:Acceso restringido

MARC

LEADER 00000nam a22000007a 4500
005 20161204235018.0
007 cr|||| ||||
008 161204s2016 co |||||s|||| 00||0 spa d
020 |a 978-958-716-925-6 
035 |a 14562 
040 |a vLex 
090 |c 6422  |d 6422 
100 1 |a Olsen, Tricia D. 
245 1 0 |a Justicia transicional en equilibrio  |h [Recurso electrn̤ico] :  |b Comparacin̤ de procesos, sopeso de su eficacia /  |c Tricia D. Olsen, Leigh A. Payne, Andrew G. Reiter 
256 |a Servicio en ln̕ea 
260 |a Bogot:̀  |b Pontificia Universidad Javeriana,  |c 2016 
300 |a 1 recurso electrn̤ico (280 p.) 
506 1 |a Disponible solo en los productos indicados  |d vLex Global  |d vLex Global (Academic Edition, excluding Law Schools)  |d vLex Global (U.S. Academic Edition, Law Schools)  |d vLex Global (U.S. Academic Edition, excluding Law Schools)  |d vLex Global (Academic Edition, Law Schools) 
650 0 4 |a Derecho Constitucional  |z Colombia 
650 0 4 |a Derecho Procesal  |z Colombia 
700 1 |a Payne, Leigh A. 
700 1 |a Reiter, Andrew G. 
740 0 |a vLex Libros (Servicio en ln̕ea) 
856 4 0 |u http://vlex.com/source/justicia-transicional-equilibrio-comparacion-procesos-sopeso-eficacia-14562  |z Acceso restringido 
942 |c BOOK 
999 0 |a Constitutional Law 
999 0 |a Procedural Law